| 000 | 00452nam a2200193Ia 4500 | ||
|---|---|---|---|
| 008 | 170918s9999 xx 000 0 und d | ||
| 020 | _a9780545535533 | ||
| 050 | _bB218 2012 | ||
| 100 | _aBanks, Rosie | ||
| 245 | _aEnchanted palace / | ||
| 245 | _cby Rosie Banks. | ||
| 260 | _aNew York : | ||
| 260 | _bScholastic, | ||
| 260 | _c2012 | ||
| 300 | _a107 pages : | ||
| 300 | _billustrations ; | ||
| 300 | _c19cm. | ||
| 300 | _eSecret kingdom. | ||
| 999 |
_c343788 _d343788 |
||